[Event "Kuala Lumpur UM KPT op"]
[Site "Kuala Lumpur"]
[Date "2016.12.18"]
[Round "8"]
[White "Chong, Bok Siong"]
[Black "Tay, Yi Wen"]
[Result "1/2-1/2"]
[WhiteElo "1302"]
[BlackElo "1356"]
[PlyCount "58"]
[EventDate "2016.12.16"]
[EventType "swiss"]
[EventRounds "9"]
[EventCountry "MAS"]
[SourceTitle "CBM 176 Extra"]
[Source "ChessBase"]
[SourceDate "2017.03.02"]
[SourceVersion "1"]
[SourceVersionDate "2017.03.02"]
[SourceQuality "1"]

1. e4 e5 2. d4 exd4 3. c3 dxc3 4. Bc4 d6 5. Qb3 Qe7 6. Nxc3 c6 7. Bf4 Be6 8. Bxe6 fxe6 9. Nf3 e5 10. Bg3 Nf6 11. 0-0-0 Na6 12. Rd2 Nc5 13. Qc2 g6 14. Rhd1 Bh6 15. Kb1 Bxd2 16. Rxd2 a5 17. a3 a4 18. Bh4 0-0 19. Qd1 Rfd8 20. Bg5 Kg7 21. Qc2 b5 22. Na2 h6 23. Bxf6+ Kxf6 24. Nb4 Qh7 25. Re2 Rac8 26. Qd2 Nb3 27. Qxh6 c5 28. Nd5+ Ke6 29. Ng5+ Kd7 1/2-1/2